000 00501nam a22001817a 4500
003 koha_MIRAKIL
005 20231213100053.0
008 231213b |||||||| |||| 00| 0 ||| d
020 _b978-6-05-476445-7
040 _aTR-IsEVY
_btur
_cTR-IsEVY
082 _a869.8991342 SAR/Ö
100 _aSaramago, José, 1922-2010.
245 0 _aÖlüm bir varmış bir yokmuş
260 _bKırmızı Kedi,
_c2013
300 _a204 p.
650 _aDeath (Personification) -- Fiction.
942 _2ddc
_cBK
999 _c14021
_d14021